[Event "Nordnorsk mesterskap i Tromsø 2026"]
[Site "Sparebanken Nordnorge festsal"]
[Date "2026.05.22"]
[Round "1"]
[White "Solbu, August"]
[Black "Tørfoss, Sivert S."]
[Result "0-1"]
[WhiteElo "2019"]
[BlackElo "2311"]
[PlyCount "112"]
[EventDate "2026.??.??"]

1. e4 e5 2. Nf3 Nc6 3. Bb5 a6 4. Ba4 Nf6 5. O-O Be7 6. Re1 b5 7. Bb3 O-O 8. a4
Bb7 9. d3 d6 10. Nbd2 Nd7 11. c3 Nc5 12. axb5 axb5 13. Rxa8 Bxa8 14. Bc2 d5 15.
d4 exd4 16. cxd4 Nxe4 17. Nxe4 dxe4 18. Bxe4 Bf6 19. Be3 Re8 20. Qc2 Rxe4 21.
Qxe4 Nxd4 22. Qg4 Bxf3 23. gxf3 Nc2 24. Re2 h5 25. Qh3 Nxe3 26. fxe3 Qd3 27.
Kf2 g6 28. f4 Kg7 29. Qf3 c5 30. e4 Bd4+ 31. Kg2 Qb1 32. e5 c4 33. f5 g5 34.
Qf1 Qd3 35. f6+ Kg6 36. e6 g4 37. Kh1 Bxf6 38. exf7 Kxf7 39. Qf2 Qd5+ 40. Kg1
Kg6 41. Kf1 Qh1+ 42. Qg1 Qxg1+ 43. Kxg1 b4 44. Re4 c3 45. bxc3 Bxc3 46. Kg2 b3
47. Re6+ Kg5 48. Rb6 b2 49. Rb5+ Kf4 50. h3 g3 51. Rb8 h4 52. Rb3 Ke4 53. Rxc3
b1=Q 54. Rc4+ Ke3 55. Rxh4 Qe1 56. Rf4 Kxf4 0-1

[Event "Nordnorsk mesterskap i Tromsø 2026"]
[Site "Sparebanken Nordnorge festsal"]
[Date "2026.05.22"]
[Round "1"]
[White "Bech, Håvard E."]
[Black "Engkvist, Tomas"]
[Result "1/2-1/2"]
[WhiteElo "2144"]
[BlackElo "1974"]
[PlyCount "142"]
[EventDate "2026.??.??"]

1. Nf3 Nf6 2. c4 g6 3. Nc3 Bg7 4. g3 O-O 5. Bg2 c5 6. O-O Nc6 7. d4 cxd4 8.
Nxd4 Nxd4 9. Qxd4 d6 10. Qd3 Bf5 11. e4 Be6 12. Bd2 Nd7 13. b3 Ne5 14. Qe2 Nc6
15. Rac1 Nd4 16. Qd3 Bd7 17. Rfd1 Rc8 18. Be3 Nc6 19. Nd5 b6 20. a3 Be6 21. b4
Ne5 22. Qe2 Bxd5 23. cxd5 Qd7 24. f4 Qg4 25. Qf1 Nc4 26. Bf2 b5 27. Bh3 Qf3 28.
Bxc8 Rxc8 29. Qd3 Qxd3 30. Rxd3 Ra8 31. Bd4 a5 32. Bxg7 Kxg7 33. bxa5 Rxa5 34.
Rb1 Nxa3 35. Ra1 b4 36. Rb3 Rc5 37. Rxb4 Nc2 38. Rab1 Nxb4 39. Rxb4 Rc1+ 40.
Kg2 Rc2+ 41. Kf3 Rxh2 42. Rb7 Kf6 43. Rb6 h5 44. e5+ Kf5 45. exd6 exd6 46. Rxd6
Rd2 47. Ke3 Rd1 48. Rd7 f6 49. Ke2 Rd4 50. Ke3 Re4+ 51. Kf3 Ra4 52. Re7 Rd4 53.
Rd7 Rd3+ 54. Kf2 h4 55. gxh4 Kxf4 56. Rd6 Ke5 57. Re6+ Kf5 58. Rd6 Rh3 59. Re6
Rxh4 60. Ke3 Rb4 61. Re8 g5 62. d6 Rb7 63. Kd4 g4 64. Kd5 g3 65. Rg8 Kf4 66.
Ke6 f5 67. d7 Rxd7 68. Kxd7 Kf3 69. Ke6 Kf2 70. Kxf5 g2 71. Rxg2+ Kxg2 1/2-1/2

[Event "Nordnorsk mesterskap i Tromsø 2026"]
[Site "Sparebanken Nordnorge festsal"]
[Date "2026.05.22"]
[Round "1"]
[White "Berglund, Jan S."]
[Black "Søraas, Torben"]
[Result "1/2-1/2"]
[WhiteElo "1965"]
[BlackElo "2134"]
[PlyCount "62"]
[EventDate "2026.??.??"]

1. d4 Nf6 2. Bg5 c5 3. d5 Ne4 4. Bf4 g5 5. Be5 f6 6. f3 fxe5 7. fxe4 Qb6 8. Nd2
Bg7 9. e3 O-O 10. g4 Qh6 11. Ngf3 d6 12. Rg1 Nd7 13. h4 Bf6 14. Qe2 Rf7 15.
O-O-O Rg7 16. h5 Rf7 17. Bh3 Bg7 18. Nh4 Nf6 19. Nf5 Bxf5 20. exf5 a6 21. e4
Rff8 22. Bf1 b5 23. Kb1 Nd7 24. Nb3 Bf6 25. Na5 Rfb8 26. Rg3 Qf8 27. Qd2 h6 28.
Nc6 Rb7 29. Na5 Rbb8 30. Nc6 Rb7 31. Na5 Rbb8 1/2-1/2

[Event "Nordnorsk mesterskap i Tromsø 2026"]
[Site "Sparebanken Nordnorge festsal"]
[Date "2026.05.22"]
[Round "1"]
[White "Hammari, Vinjar"]
[Black "Jensen, Stein"]
[Result "1/2-1/2"]
[WhiteElo "2121"]
[BlackElo "1954"]
[PlyCount "148"]
[EventDate "2026.??.??"]

1. e4 Nf6 2. e5 Nd5 3. c4 Nb6 4. d4 d6 5. f4 dxe5 6. fxe5 Nc6 7. Be3 Bf5 8. Nc3
e6 9. Nf3 Be7 10. Be2 O-O 11. O-O f6 12. exf6 Bxf6 13. Qd2 Qe7 14. Rad1 Rad8
15. Qc1 h6 16. Kh1 Kh8 17. b3 Rfe8 18. Rd2 Rd7 19. d5 Nd8 20. Nd4 Bh7 21. Bh5
exd5 22. Bxe8 Qxe8 23. Rdd1 dxc4 24. Rfe1 Qh5 25. Nf3 Rxd1 26. Rxd1 cxb3 27.
axb3 Nc6 28. Ne2 Qb5 29. Ned4 Nxd4 30. Bxd4 Bxd4 31. Rxd4 Nd5 32. Qa1 a6 33.
Rg4 Nf6 34. Rd4 Be4 35. Nd2 Bg6 36. Qe1 Kh7 37. b4 a5 38. bxa5 Qxa5 39. Qc1 c6
40. Nf3 Qf5 41. Rb4 b5 42. Nd4 Qd3 43. Nxc6 Be4 44. Rd4 Qe2 45. Rd2 Qc4 46.
Qxc4 bxc4 47. Nb4 c3 48. Rd1 Ng4 49. Rc1 Ne3 50. Rxc3 Nxg2 51. Kg1 g5 52. Rc4
Ba8 53. Kf2 Nf4 54. Rd4 Kg6 55. Rd6+ Kg7 56. Kg3 Be4 57. Kg4 Ng6 58. Rd7+ Kf6
59. Kh5 Ne5 60. Ra7 Nf7 61. Kg4 Ne5+ 62. Kg3 h5 63. Na2 h4+ 64. Kf2 Kf5 65. Nc3
Bc6 66. Ra5 g4 67. Ne2 Ke4 68. Ra3 Nd3+ 69. Kg1 Ne5 70. Kf2 Nd3+ 71. Kg1 Ne5
72. Kf2 Nd3+ 73. Kg1 Ne5 74. Kf2 Nd3+ 1/2-1/2

[Event "Nordnorsk mesterskap i Tromsø 2026"]
[Site "Sparebanken Nordnorge festsal"]
[Date "2026.05.22"]
[Round "1"]
[White "Hansen, Thobias G."]
[Black "Røyset, Pål"]
[Result "0-1"]
[WhiteElo "1872"]
[BlackElo "2095"]
[PlyCount "104"]
[EventDate "2026.??.??"]

1. e4 e5 2. Nf3 Nc6 3. Nc3 Nf6 4. Nd5 Nxd5 5. exd5 e4 6. dxc6 exf3 7. cxd7+
Bxd7 8. Qxf3 Bc6 9. Qe3+ Be7 10. Bc4 Bxg2 11. Rg1 Bd5 12. Qb3 Bxc4 13. Qxc4 Qd6
14. Rg3 O-O 15. d4 Qb4+ 16. Qxb4 Bxb4+ 17. Ke2 Bd6 18. Rg2 Rfe8+ 19. Be3 f5 20.
Kf3 Re4 21. Rag1 g6 22. Rg5 Kf7 23. c4 c6 24. Rd1 Rh4 25. c5 Be7 26. Rg2 Rd8
27. Ke2 f4 28. Bc1 Bxc5 29. Bxf4 Rxf4 30. dxc5 Re4+ 31. Kf3 Rxd1 32. Kxe4 Rd2
33. Rg3 Rxb2 34. Rd3 Ke6 35. Rd8 Re2+ 36. Kf3 Rxa2 37. Rh8 h5 38. Rh7 Rb2 39.
Rg7 Rb3+ 40. Ke4 Rb4+ 41. Ke3 Kf5 42. Rf7+ Ke6 43. Rg7 Kf6 44. Rd7 a5 45. Rd6+
Kf5 46. Rd8 Rb3+ 47. Kd4 Rb4+ 48. Ke3 a4 49. f4 Re4+ 50. Kd3 Rxf4 51. Kc3 a3
52. Rb8 Ra4 0-1

[Event "Nordnorsk mesterskap i Tromsø 2026"]
[Site "Sparebanken Nordnorge festsal"]
[Date "2026.05.22"]
[Round "1"]
[White "Larsen, Martin H."]
[Black "Remman, Frank"]
[Result "1/2-1/2"]
[WhiteElo "2083"]
[BlackElo "1845"]
[PlyCount "91"]
[EventDate "2026.??.??"]

1. e4 c5 2. Nf3 e6 3. c3 Nf6 4. Bd3 d6 5. Bc2 Be7 6. d4 Bd7 7. O-O Nc6 8. e5
dxe5 9. dxe5 Nd5 10. a4 a6 11. Na3 Na5 12. Qe2 Rb8 13. Rd1 Qc7 14. Bg5 Bc6 15.
c4 Nb4 16. Bxe7 Qxe7 17. Nd2 Nxc2 18. Nxc2 O-O 19. Ne4 Bxe4 20. Qxe4 Rfd8 21.
Rd3 Rxd3 22. Qxd3 Rd8 23. Qc3 Nc6 24. h3 Qg5 25. Qb3 Rd7 26. Re1 Nxe5 27. Re3
Ng6 28. Ne1 h6 29. Nd3 Nf4 30. Nxf4 Qxf4 31. Qc2 Rd4 32. b3 Qd6 33. g3 Rd1+ 34.
Kg2 Qd4 35. Qe2 Qa1 36. Kf3 Rg1 37. Re5 b6 38. a5 bxa5 39. Rxc5 Qf6+ 40. Ke4
Qe7 41. Rc8+ Kh7 42. Qd3 f5+ 43. Ke3 Qg5+ 44. Ke2 Qc1 45. Kf3 Rd1 46. Qe3
1/2-1/2

[Event "Nordnorsk mesterskap i Tromsø 2026"]
[Site "Sparebanken Nordnorge festsal"]
[Date "2026.05.22"]
[Round "1"]
[White "Strømme, Vebjørn C."]
[Black "Jessen, Simon P."]
[Result "1/2-1/2"]
[WhiteElo "1820"]
[BlackElo "2029"]
[PlyCount "86"]
[EventDate "2026.??.??"]

1. e4 c6 2. Nc3 d5 3. Nf3 Bg4 4. h3 Bxf3 5. Qxf3 e6 6. exd5 cxd5 7. d4 Nc6 8.
Bb5 Be7 9. O-O Bf6 10. Ne2 Qb6 11. Qd3 Nge7 12. c3 Rc8 13. Ba4 O-O 14. Bc2 g6
15. Bh6 Rfe8 16. g4 e5 17. Be3 exd4 18. Nxd4 Bxd4 19. Bxd4 Nxd4 20. cxd4 Qxb2
21. Ba4 Rc3 22. Rab1 Rxd3 23. Rxb2 Rb8 24. Re1 Kf8 25. Rbe2 Rxd4 26. Rxe7 Rxa4
27. Rd7 Re8 28. Rc1 Rc4 29. Rb1 Re7 30. Rxe7 Kxe7 31. Rxb7+ Ke6 32. Rxa7 Rc2
33. a4 d4 34. Kf1 d3 35. Ke1 Re2+ 36. Kf1 Re5 37. Ra6+ Ke7 38. Ra7+ Kd8 39.
Ra8+ Kc7 40. Ra7+ Kc6 41. Ra6+ Kc7 42. Ra7+ Kc6 43. Ra6+ Kc7 1/2-1/2

[Event "Nordnorsk mesterskap i Tromsø 2026"]
[Site "Sparebanken Nordnorge festsal"]
[Date "2026.05.23"]
[Round "2"]
[White "Tørfoss, Sivert S."]
[Black "Røyset, Pål"]
[Result "1-0"]
[WhiteElo "2311"]
[BlackElo "2095"]
[PlyCount "89"]
[EventDate "2026.??.??"]

1. Nf3 d5 2. e3 g6 3. c4 c6 4. Nc3 Bg7 5. cxd5 cxd5 6. d4 Nf6 7. Be2 Nc6 8. O-O
O-O 9. a3 Bf5 10. b4 Ne4 11. Bb2 Qd6 12. Rc1 h6 13. Qb3 Rfd8 14. Rfd1 g5 15.
Nb5 Qb8 16. a4 e6 17. Nc3 Bf8 18. b5 Na5 19. Qa2 Bd6 20. Nxe4 Bxe4 21. h3 Rc8
22. Rxc8+ Qxc8 23. Rc1 Qd8 24. Nd2 Bf5 25. Bf1 g4 26. hxg4 Bxg4 27. g3 h5 28.
e4 Bb4 29. Ba3 Bxa3 30. Qxa3 dxe4 31. Qe3 Qf6 32. Nxe4 Qg7 33. Qf4 Bf5 34. Nd6
Bg6 35. Rc7 Nb3 36. Nc8 Bh7 37. Ne7+ Kh8 38. d5 Nd4 39. d6 e5 40. Qe3 Rd8 41.
d7 f6 42. Qa3 Be4 43. Rc8 Ne6 44. Qd6 Qf7 45. Bc4 1-0

[Event "Nordnorsk mesterskap i Tromsø 2026"]
[Site "Sparebanken Nordnorge festsal"]
[Date "2026.05.23"]
[Round "2"]
[White "Jensen, Stein"]
[Black "Bech, Håvard E."]
[Result "1/2-1/2"]
[WhiteElo "1954"]
[BlackElo "2144"]
[PlyCount "31"]
[EventDate "2026.??.??"]

1. b4 e5 2. Bb2 Bxb4 3. Bxe5 Nf6 4. c3 Be7 5. g3 d5 6. Bg2 O-O 7. Bxf6 Bxf6 8.
d4 c5 9. e3 Be6 10. Ne2 cxd4 11. cxd4 Nd7 12. O-O Qa5 13. Qd2 Qxd2 14. Nxd2 Be7
15. Nf4 Bb4 16. Nxe6 1/2-1/2

[Event "Nordnorsk mesterskap i Tromsø 2026"]
[Site "Sparebanken Nordnorge festsal"]
[Date "2026.05.23"]
[Round "2"]
[White "Søraas, Torben"]
[Black "Strømme, Vebjørn C."]
[Result "1-0"]
[WhiteElo "2134"]
[BlackElo "1820"]
[PlyCount "120"]
[EventDate "2026.??.??"]

1. e4 Nf6 2. Nc3 d5 3. e5 Nfd7 4. Nxd5 Nxe5 5. Ne3 Nbc6 6. b3 g6 7. Bb2 Bg7 8.
d4 Nd7 9. Nf3 Nb6 10. c4 e6 11. Qd2 O-O 12. Be2 Ne7 13. Rd1 c6 14. h4 Nf5 15.
Ng4 Qe7 16. h5 Rd8 17. Qf4 c5 18. Ba3 Nxd4 19. Nxd4 e5 20. Nh6+ Bxh6 21. Qxh6
exd4 22. hxg6 fxg6 23. Bxc5 Qg7 24. Qxg7+ Kxg7 25. Bxd4+ Kg8 26. O-O Be6 27.
Bf3 Rd7 28. Rfe1 Kf7 29. Rxe6 Kxe6 30. Bg4+ Ke7 31. Re1+ Kd8 32. Bf6+ Kc7 33.
c5 Nd5 34. Be5+ Kd8 35. Rd1 Nb6 36. cxb6 Rxd1+ 37. Bxd1 axb6 38. Bf3 Rxa2 39.
Bxb7 Ra5 40. Bc3 Rc5 41. Be1 g5 42. Bf3 Kd7 43. Kf1 Rc2 44. b4 b5 45. Be4 Rb2
46. Bxh7 Kd6 47. Bd3 Kd5 48. Bxb5 Ke4 49. Be2 Kf5 50. Bf3 Kf4 51. Bc6 Kg4 52.
b5 Kf4 53. Bc3 Rc2 54. Bd4 Kg4 55. Be3 Rb2 56. b6 Kh4 57. b7 g4 58. Bf4 g3 59.
fxg3+ Kg4 60. Bf3+ Kf5 1-0

[Event "Nordnorsk mesterskap i Tromsø 2026"]
[Site "Sparebanken Nordnorge festsal"]
[Date "2026.05.23"]
[Round "2"]
[White "Remman, Frank"]
[Black "Hammari, Vinjar"]
[Result "0-1"]
[WhiteElo "1845"]
[BlackElo "2121"]
[PlyCount "102"]
[EventDate "2026.??.??"]

1. d4 d5 2. Nf3 Nf6 3. g3 c5 4. Bg2 cxd4 5. O-O h6 6. h3 e6 7. Nxd4 e5 8. Nf3
Nc6 9. b3 Be7 10. Bb2 Qc7 11. e3 Be6 12. Qe2 Rd8 13. Nbd2 O-O 14. c4 d4 15.
exd4 exd4 16. a3 a5 17. Ne1 Rfe8 18. Nd3 Bf5 19. Qf3 Qc8 20. g4 Nxg4 21. hxg4
Bxg4 22. Qg3 Bd6 23. f4 Re3 24. Bf3 Rxd3 25. Rad1 Bxf3 26. Rxf3 Rxf3 27. Qxf3
Qf5 28. Rf1 Re8 29. Rf2 Re1+ 30. Nf1 Bc5 31. Kg2 Qb1 32. Ng3 Be7 33. Qg4 Qg6
34. Qc8+ Nd8 35. Bxd4 Bh4 36. Rf3 Re2+ 37. Bf2 Rd2 38. f5 Qg4 39. Qc5 Bxg3 40.
Rxg3 Qe4+ 41. Kh2 Rd1 42. Rg2 Qf4+ 43. Bg3 Qf1 44. Kh3 Rd3 45. Qxa5 Nc6 46.
Qa8+ Kh7 47. Qxb7 Qxf5+ 48. Kh2 Qh5+ 49. Kg1 Rd1+ 50. Kf2 Qf5+ 51. Ke3 Rd3+ 0-1

[Event "Nordnorsk mesterskap i Tromsø 2026"]
[Site "Sparebanken Nordnorge festsal"]
[Date "2026.05.23"]
[Round "2"]
[White "Engkvist, Tomas"]
[Black "Larsen, Martin H."]
[Result "0-1"]
[WhiteElo "1974"]
[BlackElo "2083"]
[PlyCount "80"]
[EventDate "2026.??.??"]

1. e4 e6 2. d4 d5 3. e5 c5 4. c3 Nc6 5. Nf3 cxd4 6. cxd4 Qb6 7. Be2 Nge7 8. Na3
Nf5 9. Nc2 Bb4+ 10. Kf1 Be7 11. Bd3 h6 12. Rb1 Bd7 13. b4 a5 14. b5 Nb4 15. a4
Nxd3 16. Qxd3 Rc8 17. g4 Nh4 18. Nxh4 Bxh4 19. Ne3 Bg5 20. Ba3 Bxe3 21. fxe3
Rc4 22. Ke2 Qd8 23. Rhc1 Rxa4 24. Qb3 Rc4 25. Rxc4 dxc4 26. Qxc4 f6 27. Qc5 Kf7
28. exf6 gxf6 29. b6 Bc6 30. Qxa5 Rg8 31. Rc1 Rg5 32. Rc5 Bd5 33. h3 Kg6 34.
Kd3 f5 35. Rc7 Be4+ 36. Kc3 fxg4 37. Qa4 gxh3 38. Be7 Qg8 39. Bxg5 h2 40. Bf4
h1=Q 0-1

[Event "Nordnorsk mesterskap i Tromsø 2026"]
[Site "Sparebanken Nordnorge festsal"]
[Date "2026.05.22"]
[Round "2"]
[White "Jessen, Simon P."]
[Black "Berglund, Jan S."]
[Result "1/2-1/2"]
[WhiteElo "2029"]
[BlackElo "1965"]
[PlyCount "79"]
[EventDate "2026.??.??"]

1. d4 d5 2. c4 c6 3. Nf3 Nf6 4. Nc3 g6 5. cxd5 Nxd5 6. e4 Nxc3 7. bxc3 Bg7 8.
Be2 O-O 9. O-O c5 10. Rb1 cxd4 11. cxd4 b6 12. Re1 Bb7 13. Bc4 Nc6 14. Bb2 Na5
15. Bd3 Rc8 16. Qe2 Rc7 17. h4 Qd7 18. Ne5 Qc8 19. d5 f6 20. Nf3 e5 21. h5 Nc4
22. hxg6 hxg6 23. Ba1 Rd8 24. Rbc1 Nd6 25. Bb2 Bh6 26. Rxc7 Qxc7 27. Nd2 Qd7
28. Rc1 Rc8 29. Qd1 Kf7 30. Rc2 Rxc2 31. Qxc2 Bf8 32. Qb3 Qc8 33. Qa4 a5 34.
Qb3 Qc7 35. a4 Bc8 36. Nb1 Bd7 37. Na3 Kg7 38. Nc4 Nxc4 39. Bxc4 Qc5 40. Bd3
1/2-1/2

[Event "Nordnorsk mesterskap i Tromsø 2026"]
[Site "Sparebanken Nordnorge festsal"]
[Date "2026.05.23"]
[Round "2"]
[White "Hansen, Thobias G."]
[Black "Solbu, August"]
[Result "0-1"]
[WhiteElo "1872"]
[BlackElo "2019"]
[PlyCount "70"]
[EventDate "2026.??.??"]

1. e4 c5 2. Nf3 Nc6 3. d4 cxd4 4. Nxd4 Nf6 5. Nc3 e5 6. Ndb5 d6 7. Bg5 a6 8.
Na3 b5 9. Nd5 Be7 10. Bxf6 Bxf6 11. c4 b4 12. Nc2 O-O 13. h4 a5 14. g3 Rb8 15.
Qd3 Be6 16. Nce3 Nd4 17. O-O-O a4 18. Bg2 b3 19. a3 Rc8 20. Kb1 Rc5 21. f4 exf4
22. gxf4 Nc2 23. f5 Bxd5 24. Nxd5 Rxd5 25. exd5 Re8 26. c5 Qe7 27. Rd2 Qe5 28.
Qc3 Qe1+ 29. Rd1 Nxa3+ 30. Kc1 Qe2 31. Rd2 Bxc3 32. Rxe2 Rxe2 33. cxd6 Rxg2 34.
d7 Rc2+ 35. Kd1 Rd2+ 0-1

[Event "Nordnorsk mesterskap i Tromsø 2026"]
[Site "Sparebanken Nordnorge festsal"]
[Date "2026.05.23"]
[Round "3"]
[White "Hammari, Vinjar"]
[Black "Tørfoss, Sivert S."]
[Result "0-1"]
[WhiteElo "2121"]
[BlackElo "2311"]
[PlyCount "88"]
[EventDate "2026.??.??"]

1. e4 e5 2. Nc3 Nf6 3. d4 exd4 4. Qxd4 Nc6 5. Qd3 Bb4 6. Nge2 d5 7. a3 Bxc3+ 8.
Nxc3 d4 9. Ne2 O-O 10. f3 Nd7 11. Bf4 Nc5 12. Qc4 Ne6 13. Bg3 Na5 14. Qa4 c5
15. b4 cxb4 16. axb4 Nc4 17. Nf4 Ne3 18. Nd5 Nxd5 19. exd5 Qxd5 20. Bd3 Bd7 21.
Qa3 Bb5 22. Qa5 a6 23. O-O Qd7 24. Bxb5 Qxb5 25. Qxb5 axb5 26. Rfd1 Ra4 27.
Rab1 Rc8 28. Rb2 Rc4 29. Bd6 f6 30. Re1 Kf7 31. f4 Rc6 32. Bc5 Nxc5 33. bxc5
Rxc5 34. Reb1 Kg6 35. g3 b6 36. Kg2 Rac4 37. Rxb5 Rxc2+ 38. Kf3 R5c3+ 39. Ke4
Rxh2 40. g4 d3 41. g5 d2 42. gxf6 Re2+ 43. Kd4 Rc1 44. Rg5+ Kxf6 0-1

[Event "Nordnorsk mesterskap i Tromsø 2026"]
[Site "Sparebanken Nordnorge festsal"]
[Date "2026.05.23"]
[Round "3"]
[White "Bech, Håvard E."]
[Black "Berglund, Jan S."]
[Result "1-0"]
[WhiteElo "2144"]
[BlackElo "1965"]
[PlyCount "67"]
[EventDate "2026.??.??"]

1. d4 e6 2. c4 f5 3. g3 Nf6 4. Bg2 d5 5. Nf3 Bd6 6. O-O O-O 7. b3 b6 8. Ba3
Bxa3 9. Nxa3 Qe7 10. Qc1 c6 11. Ne5 Bb7 12. Nc2 Nbd7 13. Nd3 Rac8 14. Qa3 Qxa3
15. Nxa3 a6 16. Rac1 Rfe8 17. Rfd1 b5 18. cxd5 exd5 19. e3 Re7 20. Nc2 Ne4 21.
Nce1 Rf8 22. Rc2 g5 23. Nf3 Rf6 24. Rdc1 Nb8 25. Nfe5 g4 26. a4 Nd6 27. Nb4
bxa4 28. bxa4 Nc4 29. Nxc4 dxc4 30. Rxc4 Ree6 31. a5 Rd6 32. Nd3 Kg7 33. Rb1
Rf7 34. Nc5 1-0

[Event "Nordnorsk mesterskap i Tromsø 2026"]
[Site "Sparebanken Nordnorge festsal"]
[Date "2026.05.23"]
[Round "3"]
[White "Larsen, Martin H."]
[Black "Søraas, Torben"]
[Result "1/2-1/2"]
[WhiteElo "2083"]
[BlackElo "2134"]
[PlyCount "123"]
[EventDate "2026.??.??"]

1. c4 c5 2. Nf3 Nf6 3. Nc3 Nc6 4. g3 g6 5. Bg2 Bg7 6. d4 Nxd4 7. Nxd4 cxd4 8.
Qxd4 O-O 9. O-O d6 10. Qd3 a6 11. b3 Bf5 12. e4 Nxe4 13. Bxe4 Bxe4 14. Qxe4
Bxc3 15. Rb1 Qc7 16. Bg5 Rfe8 17. Rbc1 Bg7 18. Rfe1 Bf8 19. h4 Rab8 20. c5 Qd7
21. c6 bxc6 22. Rxc6 Ra8 23. Rec1 Rec8 24. Rc7 Qe8 25. Qb7 Rcb8 26. Qe4 e6 27.
h5 Rb5 28. hxg6 hxg6 29. Qh4 Rab8 30. Kg2 Bg7 31. Rh1 Rxg5 32. Qxg5 Qb5 33.
Qxb5 Rxb5 34. Rhc1 Bd4 35. R1c6 Rf5 36. f3 Ra5 37. a4 Re5 38. Rxd6 Re2+ 39. Kh3
Be5 40. Rc8+ Kg7 41. Rd7 Re3 42. Kg4 Rxb3 43. f4 Rb4 44. Kh3 Bb8 45. Re8 g5 46.
Ree7 gxf4 47. Rxf7+ Kg6 48. Rg7+ Kh6 49. g4 Be5 50. Rge7 Rb3+ 51. Kg2 Rb6 52.
Kf3 Rb3+ 53. Kf2 Rb6 54. Re8 Kg5 55. Rg8+ Kf6 56. Rf8+ Kg5 57. Rg8+ Kf6 58. Rd3
Rb4 59. Rf8+ Kg5 60. Rg8+ Kf6 61. Rf8+ Kg5 62. Rg8+ 1/2-1/2

[Event "Nordnorsk mesterskap i Tromsø 2026"]
[Site "Sparebanken Nordnorge festsal"]
[Date "2026.05.23"]
[Round "3"]
[White "Røyset, Pål"]
[Black "Jensen, Stein"]
[Result "1-0"]
[WhiteElo "2095"]
[BlackElo "1954"]
[PlyCount "77"]
[EventDate "2026.??.??"]

1. e4 Nf6 2. e5 Nd5 3. d4 d6 4. c4 Nb6 5. exd6 cxd6 6. Nc3 g6 7. h3 Bg7 8. Nf3
O-O 9. Be2 Bf5 10. O-O Nc6 11. d5 Nb8 12. Nd4 Bc8 13. Bg5 h6 14. Be3 a5 15. Qd2
Kh7 16. Rac1 Na6 17. Ncb5 Nd7 18. Bd3 Nf6 19. Bb1 Bd7 20. f4 Nc5 21. f5 g5 22.
Ne6 fxe6 23. fxe6+ Kg8 24. exd7 Qxd7 25. Bxc5 dxc5 26. Bf5 Qd8 27. Qe2 b6 28.
Rce1 Kh8 29. Bb1 Rb8 30. Qd3 Kg8 31. Re6 Rb7 32. Qg6 Rd7 33. a4 Qb8 34. d6 Qd8
35. Bc2 Rxd6 36. Nxd6 exd6 37. Rfxf6 Qxf6 38. Qh7+ Kf7 39. Rxf6+ 1-0

[Event "Nordnorsk mesterskap i Tromsø 2026"]
[Site "Sparebanken Nordnorge festsal"]
[Date "2026.05.22"]
[Round "3"]
[White "Strømme, Vebjørn C."]
[Black "Engkvist, Tomas"]
[Result "1-0"]
[WhiteElo "1820"]
[BlackElo "1974"]
[PlyCount "63"]
[EventDate "2026.??.??"]

1. e4 Nf6 2. e5 Nd5 3. d4 d6 4. c4 Nb6 5. a4 a5 6. exd6 exd6 7. Ra3 Be7 8. Rg3
O-O 9. Bd3 Re8 10. Ne2 Nc6 11. O-O Bf6 12. Bh6 Kh8 13. Be3 Nb4 14. Nbc3 Nxd3
15. Qxd3 g6 16. b3 d5 17. c5 Bf5 18. Qd2 Nc8 19. Bg5 Bxg5 20. Rxg5 Ne7 21. Nb5
Ng8 22. Nec3 Be6 23. Re5 Ne7 24. Rfe1 Nc8 25. Nxd5 c6 26. Ndc7 cxb5 27. Nxe8
Qxe8 28. d5 Qd7 29. Qh6 Ne7 30. dxe6 fxe6 31. Rxe6 Rd8 32. Rd6 1-0

[Event "Nordnorsk mesterskap i Tromsø 2026"]
[Site "Sparebanken Nordnorge festsal"]
[Date "2026.05.23"]
[Round "3"]
[White "Remman, Frank"]
[Black "Hansen, Thobias G."]
[Result "1-0"]
[WhiteElo "1845"]
[BlackElo "1872"]
[PlyCount "41"]
[EventDate "2026.??.??"]

1. d4 Nf6 2. Nf3 e6 3. c4 d5 4. g3 dxc4 5. Bg2 c6 6. O-O b5 7. b3 cxb3 8. Qxb3
Nbd7 9. Rd1 Bb7 10. Nc3 a6 11. Bb2 Qb6 12. e4 c5 13. d5 c4 14. Qc2 Bc5 15. Rab1
Qc7 16. dxe6 fxe6 17. Ng5 Qc6 18. Bh3 O-O 19. Bxe6+ Kh8 20. Nf7+ Kg8 21. Nd8+
1-0

[Event "Nordnorsk mesterskap i Tromsø 2026"]
[Site "Sparebanken Nordnorge festsal"]
[Date "2026.05.23"]
[Round "3"]
[White "Solbu, August"]
[Black "Jessen, Simon P."]
[Result "1/2-1/2"]
[WhiteElo "2019"]
[BlackElo "2029"]
[PlyCount "62"]
[EventDate "2026.??.??"]

1. e4 c6 2. d4 d5 3. exd5 cxd5 4. Nf3 Nc6 5. c3 Nf6 6. Ne5 e6 7. Nd2 Be7 8. Bd3
Nxe5 9. dxe5 Nd7 10. Qe2 Qc7 11. f4 Nc5 12. Bb5+ Bd7 13. Bxd7+ Qxd7 14. O-O O-O
15. Nf3 b5 16. Be3 Ne4 17. Nd2 Nxd2 18. Qxd2 a5 19. Bd4 b4 20. g4 bxc3 21. bxc3
f6 22. f5 fxe5 23. Bxe5 exf5 24. gxf5 Rad8 25. Qg2 Bf6 26. Rae1 Kh8 27. Kh1
Rde8 28. Bxf6 Rxe1 29. Bxg7+ Qxg7 30. Qxg7+ Kxg7 31. Rxe1 Rxf5 {0.} 1/2-1/2

[Event "Nordnorsk mesterskap i Tromsø 2026"]
[Site "Sparebanken Nordnorge festsal"]
[Date "2026.05.24"]
[Round "4"]
[White "Tørfoss, Sivert S."]
[Black "Bech, Håvard E."]
[Result "1-0"]
[WhiteElo "2311"]
[BlackElo "2144"]
[PlyCount "109"]
[EventDate "2026.??.??"]

1. c4 c5 2. Nf3 Nf6 3. Nc3 e6 4. g3 b6 5. Bg2 Bb7 6. O-O Be7 7. d4 cxd4 8. Qxd4
d6 9. Bg5 Nbd7 10. Nb5 d5 11. cxd5 Bxd5 12. Rac1 O-O 13. Nc7 Bc5 14. Qf4 e5 15.
Nxe5 Qxc7 16. Nxd7 Qxf4 17. Bxf4 Bxg2 18. Nxf6+ gxf6 19. Kxg2 Rfe8 20. Kf3 Re6
21. Rfd1 Rae8 22. e3 Kg7 23. Rd7 a5 24. Rcd1 Re4 25. Rb7 Rb4 26. Rdd7 Rf8 27.
b3 a4 28. Rdc7 axb3 29. axb3 h5 30. h3 Kg6 31. g4 hxg4+ 32. hxg4 Rb5 33. Rc6
Re8 34. Rcc7 Rf8 35. Bg3 Rb4 36. Rc6 Re8 37. Rcc7 Rf8 38. Bh4 f5 39. gxf5+ Kxf5
40. Rxf7+ Rxf7 41. Rxf7+ Ke6 42. Rf6+ Ke5 43. Rh6 Rxb3 44. Rh5+ Ke6 45. Bg3 Rc3
46. Ke4 b5 47. Rh6+ Kd7 48. Be5 Rc2 49. Kd5 Be7 50. f4 b4 51. Rb6 Rc5+ 52. Kd4
Rc3 53. Rb7+ Ke8 54. e4 Rf3 55. f5 1-0

[Event "Nordnorsk mesterskap i Tromsø 2026"]
[Site "Sparebanken Nordnorge festsal"]
[Date "2026.05.24"]
[Round "4"]
[White "Søraas, Torben"]
[Black "Solbu, August"]
[Result "0-1"]
[WhiteElo "2134"]
[BlackElo "2019"]
[PlyCount "52"]
[EventDate "2026.??.??"]

1. e4 c5 2. Nc3 Nc6 3. g3 g6 4. Bg2 Bg7 5. d3 d6 6. Nge2 Rb8 7. a4 a6 8. O-O b5
9. axb5 axb5 10. f4 b4 11. Nd5 e6 12. Ne3 Nd4 13. Nxd4 cxd4 14. Nc4 Ne7 15. e5
d5 16. Nd6+ Kf8 17. Bh3 h5 18. b3 Bd7 19. Bb2 Nc6 20. Ra6 Rb6 21. Qa1 Kg8 22.
Ra8 Rb8 23. Rxb8 Qxb8 24. Bxd4 Nxd4 25. Nxf7 Qb6 26. Kh1 Kxf7 0-1

[Event "Nordnorsk mesterskap i Tromsø 2026"]
[Site "Sparebanken Nordnorge festsal"]
[Date "2026.05.24"]
[Round "4"]
[White "Strømme, Vebjørn C."]
[Black "Hammari, Vinjar"]
[Result "0-1"]
[WhiteElo "1820"]
[BlackElo "2121"]
[PlyCount "100"]
[EventDate "2026.??.??"]

1. e4 c6 2. Nc3 d5 3. Nf3 dxe4 4. Nxe4 Nf6 5. Qe2 Na6 6. a3 Bg4 7. h3 Bh5 8.
Nxf6+ gxf6 9. g4 Bg6 10. d4 Qd5 11. c4 Qe4 12. Be3 f5 13. Rg1 fxg4 14. Rxg4 Qe6
15. O-O-O Qf5 16. Kd2 Qa5+ 17. Kc1 e6 18. Rg5 Qa4 19. Nh4 Bh6 20. Nxg6 hxg6 21.
Rg4 O-O-O 22. Bg2 Kb8 23. Qd2 Bxe3 24. Qxe3 Qxc4+ 25. Kb1 Qa4 26. Rd2 Qa5 27.
Rc2 Rh5 28. Rf4 Rf5 29. Rh4 e5 30. Qb3 Qb6 31. Qxb6 axb6 32. dxe5 Rxe5 33. Rh7
Rd7 34. Rc3 Rf5 35. Rc2 Nc5 36. Ka2 Rd4 37. b4 Ne6 38. h4 Rf6 39. h5 gxh5 40.
Rxh5 Rdf4 41. Rh2 Rxf2 42. Be4 Rxc2+ 43. Rxc2 Nd4 44. Rd2 c5 45. Kb2 Kc7 46.
Kc3 Nb5+ 47. Kb3 Re6 48. Bd3 Nd6 49. a4 Re3 50. a5 c4+ 0-1